000 00591nam a22002057a 4500
999 _c11365
_d11365
003 AR-CdUCM
008 190403b ||||| |||| 00| 0 spa d
040 _aMUNICIPALIDAD PROVINCIAL DEL CUSCO
_cBIBLIOTECA MUNICIPAL DEL CUSCO
082 _a869.56 /
_bP26I
100 _aParedes Macedo, S.
_928697
245 _aIndios sin Tierra :
_bPoemas /
260 _aLima :
_bGraf. Gutenberg.
300 _a94 páginas ;
_c21 cm.
505 _aContenido: Poemas.
650 _aPoemas
_9929
650 _aLiteratura Peruana
_9132
650 _aSiglo XX
_98
942 _2ddc
_cLIBROS
945 _aachl